[Event "Mittelrhein Verbandsliga-M 16/17"]
[Site "Nordrheinwestfalen"]
[Date "2017.01.29"]
[Round "7.8"]
[White "Karpe, Jan"]
[Black "Heeger, Ralph"]
[Result "1/2-1/2"]
[WhiteElo "1714"]
[BlackElo "1646"]
[PlyCount "59"]
[EventDate "2016.09.11"]
[EventType "team-tourn"]
[EventRounds "11"]
[EventCountry "GER"]
[SourceTitle "EXT 2022"]
[Source "ChessBase"]
[SourceDate "2021.10.06"]
[SourceVersion "1"]
[SourceVersionDate "2021.10.06"]
[SourceQuality "1"]
[WhiteTeam "Gruenfeld"]
[BlackTeam "Niederkassel III"]
[WhiteTeamCountry "GER"]
[BlackTeamCountry "GER"]

1. e4 e5 2. Nf3 Nc6 3. Nc3 Nf6 4. d4 exd4 5. Nxd4 d6 6. Be2 Be7 7. 0-0 0-0 8. Be3 Nxd4 9. Bxd4 Be6 10. Bf3 Nd7 11. Nd5 Ne5 12. Be2 c6 13. Nxe7+ Qxe7 14. f4 c5 15. Be3 Nc6 16. c3 Rad8 17. Bf3 Bc8 18. Qc2 Rfe8 19. Rfe1 b6 20. Rad1 Qc7 21. Bf2 Ne7 22. Bg3 Bb7 23. Rd2 Ng6 24. Red1 Qe7 25. Re1 Rd7 26. c4 Qd8 27. Red1 f6 28. h4 f5 29. h5 Nf8 30. Re1 1/2-1/2